Statistics for Animal Crossing Villager Personalities

Click here to take the quiz!

General Stats

  • This quiz has been taken 7 times
  • The average score is 6 of 8

Answer Stats

HintAnswer% Correct
clay, stitches, bones, etclazy
100%
tangy, gabi, merry, etcpeppy
100%
genji, lyman, rod, etcjock
75%
merengue, maple, olive, etcnormal
75%
gaston, kabuki, static, etccranky
50%
pashmina, reneigh, cherry, etcsisterly
50%
marshal, pietro, henry, etcsmug
50%
tasha, portia, pecan, etcsnooty
50%

Score Distribution

Percentile by Number Answered

Percent of People with Each Score

Your Score History

You have not taken this quiz